Central Library OPAC University of Rajshahi

ইসলামের বাণী / (Record no. 40652)

MARC details
000 -LEADER
fixed length control field 01188nam a2200241 a 4500
001 - CONTROL NUMBER
control field 40652
003 - CONTROL NUMBER IDENTIFIER
rucl marc code BD-RjUL
005 - DATE AND TIME OF LATEST TRANSACTION
control field 20211209053247.0
008 - FIXED-LENGTH DATA ELEMENTS--GENERAL INFORMATION
fixed length control field 160507s1983 bg ||||| |||| 00| 0 ben d
020 ## - INTERNATIONAL STANDARD BOOK NUMBER
Terms of availability : Tk.36.00
035 ## - SYSTEM CONTROL NUMBER
System control number (BD-RjUL)40767
040 ## - CATALOGING SOURCE
Original cataloging agency BD-RjUL
Language of cataloging ben
Transcribing agency BD-RjUL
041 ## - LANGUAGE CODE
Language code of text/sound track or separate title ben
082 ## - DEWEY DECIMAL CLASSIFICATION NUMBER
Edition number 23
Classification number 297.1
Author mark and year ALI 1983
100 ## - MAIN ENTRY--PERSONAL NAME
Personal name আলীম, আবদুল
9 (RLIN) 117434
245 10 - TITLE STATEMENT
Title ইসলামের বাণী /
Statement of responsibility, etc. আবদুল আলীম
260 ## - PUBLICATION, DISTRIBUTION, ETC. (IMPRINT)
Place of publication, distribution, etc. ঢাকা :
Name of publisher, distributor, etc. রিচার্স পাব্লিকেশান্স,
Date of publication, distribution, etc. ১৯৮৩
300 ## - PHYSICAL DESCRIPTION
Pagination [১২], ৩৬৬ পৃ. ;
Size ২১ সেমি.
500 ## - GENERAL NOTE
General note (ইন্টারন্যাশনাল রিলেশন্স ও জেনারেল হিস্ট্রি) ব্যাচেলর ইন ফিজিক্যাল এডুকেশন (ওরিগণ) মার্কিন যুক্তরাস্ট্র | অধ্যক্ষ শারীরিক শিক্ষা কলেজ, ঢাকা | কতৃক সংগৃহীত ও সঙ্কলিত |
650 ## - SUBJECT ADDED ENTRY--TOPICAL TERM
Topical term or geographic name as entry element ইসলাম
9 (RLIN) 125083
Topical term or geographic name as entry element Islam
9 (RLIN) 125084
942 ## - ADDED ENTRY ELEMENTS (KOHA)
Source of classification or shelving scheme Dewey Decimal Classification
Koha item type Books
Holdings
Lost status Source of classification or shelving scheme Damaged status Not for loan Collection code Permanent Location Current Location Shelving location Date acquired Source of acquisition Cost, normal purchase price Total Checkouts Full call number Date last seen Copy number Koha item type
  Dewey Decimal Classification     Non-fiction Central Library, University of Rajshahi Central Library, University of Rajshahi   19/06/1984 Ja: Gro: Ke:, Dhaka. 36.00   B 297.1 ALI 1983 07/05/2016 C-2 Books